000 00944nam0a22002411 4500
001 rc\3018142
005 20250806201315.0
035 _a(NLR Aleph) 007160363
090 _a20597
_c20597
100 _a20110926d1944 u y0rusy50 ca
101 0 _arus
102 _aRU
105 _aa z |||||
200 1 _aИнструкция по установке и эксплоатации сепараторов фирмы Мак Кормик-Диринг
_fНар. ком. мяс. и молоч. пром-сти СССР. Гл. упр. маслодельной и сыродельной пром-сти СССР
210 _aМосква
_cПищепромиздат
_d1944
_eКалуга
215 _a[2], 28 с.
_cил.
_d17 см
801 0 _aRU
_bNLR
_gpsbo
801 1 _aRU
_bELAR
_2rusmarc
852 _aNLR
_jТ66 Г-2/165
942 _cBOOK
945 _aРоссийская национальная библиотека
980 _aNB
980 _aBV